| 000 | 00424nam a2200181Ia 4500 | ||
|---|---|---|---|
| 005 | 20240823041733.0 | ||
| 008 | 240823s9999||||xx |||||||||||||| ||und|| | ||
| 041 | _aENGLISH | ||
| 082 | _A658.15 N2 | ||
| 100 | _aKulkarni P V | ||
| 245 | 0 | _aFinancial Management | |
| 250 | _a4th-Re | ||
| 260 |
_c1992 _b"Himalaya,Bombay" |
||
| 500 | _aYES | ||
| 650 |
_aManagement _bManagement Studies |
||
| 942 | _cBK | ||
| 999 |
_c206209 _d206209 |
||